000 01063cas a2200337 a 4500
001 11392570
005 20180213064844.0
008 900920c19919999dcuar f 0 a0eng c
010 _a 91659175
_zsn 90000433
016 7 _a2143930-8
_2DE-600
022 0 _a1052-9179
_21
035 _a(OCoLC)ocm22409985
037 _bAmerican Council for an Energy-Efficient Economy, 2124 Kittredge St., No. 95, Berkeley, CA 94704
040 _aNSD
_beng
_cNSD
_dDLC
_dNST
_dDLC
_dCOO
_dIUL
_dNST
_dOCL
_dOCLCQ
_dHEBIS
_dOCLCF
_dOCLCO
_dOCL
041 _aeng
042 _ansdp
_apcc
080 _a644 sus
082 0 0 _a644 sus
_220
100 _a27
101 _aene
210 0 _aConsum. guide home energy sav.
222 0 _aConsumer guide to home energy savings
245 0 0 _aConsumer guide to home energy savings.
246 1 0 _aHome energy savings
310 _aAnnual
362 0 _a1991-
590 _aSERBIB/SERLOC merged record
906 _a7
_bcbc
_cserials
_d2
_encip
_f19
_gn-oclcserc
942 _2ddc
_cBK
999 _c42371
_d42371